| 000 | 00357nam a2200145Ia 4500 | ||
|---|---|---|---|
| 008 | 150201s2014 xx 000 0 und d | ||
| 082 |
_a150 _bP14A |
||
| 100 | _aANTHIKAD, JACOB | ||
| 245 | _aPSYCHOLOGY & SOSIOLOGY FOR GNM & BPT STUDENTS | ||
| 250 | _a3RD | ||
| 260 |
_bJAYPEE _aDELHI _c2014 |
||
| 300 | _a262 | ||
| 650 | _aPSYCHOLOGY | ||
| 942 |
_2ddc _cBK _014 |
||
| 999 |
_c2416 _d2416 |
||